00850nam a2200193 a 450000100100000000500170001000800410002704000250006808200150009310000360010824500590014426000440020330000210024750000730026859000750034191000370041695201860045399900170063900003471520200930073847.0111019s1957 cu 000 0 spa d aDO-SdBNPbspacBNPHU a100bP615a1 aPiñera Llera, Humberto96017210aApuntes de una filosofía /cHumberto Piñera Llera. aLa Habana :bEditorila Hercules,c1957. a271 p. ;c22 cm. aIncluye referencias bibliográficas y notas al pie de las páginas aPerteneció a la biblioteca personal de Juan Isidro Jimenes Grullón aValidado. Control de calidad MFF 001050718RVaGRbGRcCTd2011-10-19iLF1l0o100 P615ap34715-10r2020-06-25w2020-06-25y1zPerteneció a la biblioteca personal de Juan Isidro Jimenes Grullón.ZNo se presta c34206d34206